Statistics for NBA Retired Players Logo Quiz

Click here to take the quiz!

General Stats

  • This quiz has been taken 38 times
  • The average score is 7 of 16

Answer Stats

Answer % Correct
Michael Jordan
97%
Shaquille O'Neal
88%
Kevin Garnett
88%
Jerry West
81%
Ray Allen
75%
Allen Iverson
59%
Kobe Bryant
47%
Paul Pierce
38%
Tracy McGrady
34%
Dwyane Wade
34%
Chris Webber
22%
Charles Barkley
19%
Stephon Marbury
19%
Penny Hardaway
16%
Scottie Pippen
16%
Rasheed Wallace
6%

Score Distribution

Percentile by Number Answered

Percent of People with Each Score

Your Score History

You have not taken this quiz